000 00674nam a2200169 i 4500
001 182304
003 ES-MaACL
005 20230906221558.0
008 130801s1987 sp |||| | spa d
100 0 _aGarcía-Diego, José A.
_954541
245 1 0 _aComunicación presentada a la reunión sobre "Protección de monumentos de interés tecnológico durante el periodo de modernización de la industria"
_b: Varsovia, 30-31 de marzo 1987 /
_cJosé Antonio García-Diego.
260 _a[S.l. :
_bs.n.,
_c1987?]
300 _a[8] p. ;
_c20 cm.
546 _aTexto en castellano y polaco.
650 4 _aArqueología industrial-
_zEspaña.
_9153135
852 _aES-MaACL
_j2317-F-6
999 _c182304
_d182304